Statistics for Biblical People Whose Names Begin with D

Click here to take the quiz!

General Stats

  • This quiz has been taken 491 times
  • The average score is 6 of 10

Answer Stats

HintAnswer% Correct
Giant-slayer who became kingDavid
97%
Son of JacobDan
95%
Lover and betrayer of SamsonDelilah
93%
Lion tamerDaniel
91%
Female judgeDeborah
76%
Third king of PersiaDarius
59%
Silversmith who incited a riot in EphesusDemetrius
19%
Rebelled against MosesDathan
15%
Woman converted by Paul in AthensDamaris
12%
Converted by Paul in AthensDionysus
9%

Score Distribution

Percentile by Number Answered

Percent of People with Each Score

Your Score History

You have not taken this quiz